000 00703nam a2200289Ia 4500
005 20250425160743.0
008 250425s9999 xx 000 0 und d
020 _a8476158408
041 _aspa
043 _asp
082 _a338.5
100 _aFRANK, ROBERT H.
245 0 _aMICROECONOMIA Y CONDUCTA
250 _a1A ED.
260 _aEspaña
_bMCGRAW HILL
_c1992
260 _aMADRID
300 _a796
500 _aTítulo Traducido: MACROECONOMICS AND BEHAVIOR
650 _aCONSUMIDORES
650 _aMERCADO
650 _aMICROECONOMIA
650 _aOFERTA Y DEMANDA
700 _aLUIS TOHARIA
_etraductor
710 _aMCGRAW-HILL, INC.
942 _c01
010 _a4448
999 _c195472
_d195472